000 00660nam a2200181 4500
003 LK-CoMWRAF
005 20231213180252.0
008 231213b |||||||| |||| 00| 0 eng d
020 _a9789551274450
040 _aLK-CoMWRAF
_dLK-CoMWRAF
_eLK-CoMWRAF
041 _asin
082 _a322.109
_bDAK
245 _aදකණු ආසියාවේ බහුත්වාදයේ බලය හා සීමා
246 _aDakunu asiyawe bahuthwadaye balaya ha seema
260 _aකොළඹ :
_bශ්‍රී ලංකා ජාතික සාම මණ්ඩලය
650 _aබහුත්වාදය--බලය හා සීමා
942 _cBK
999 _c4426
_d4426